Statistics for 'K' CITIES BY PICTURE

Click here to take the quiz!

General Stats

  • This quiz has been taken 22 times
  • The average score is 4 of 10

Answer Stats

Answer% Correct
Kuala Lumpur
100%
Kiev/ Kyiv
70%
Karachi
50%
Kathmandu
45%
Kinshasa
45%
Khartoum
35%
Kolkata
35%
Kabul
30%
Kuwait city
20%
Kingston
15%

Score Distribution

Percentile by Number Answered

Percent of People with Each Score

Your Score History

You have not taken this quiz